000 00437 a2200145 4500
005 20250508110807.0
020 _a978-1-4462-0737-6
082 _a658.4 GRE
100 _aGREY, C.
245 _aA Very Short, Fairly Interesting and Reasonably Cheap Book About Studying Organizations.
250 _a3rd Ed
260 _aLondon,
_bSage,
_c2013.
300 _aXviii, 166p.: ill.;
_bBibliographical References & Index
_c19cm.
942 _2ddc
_cBKS
999 _c2180
_d2180